000 00945nam a22002417a 4500
001 74565
003 BD-RjUL
005 20211209082554.0
008 181027s1956 ii ||||| |||| 00| 0 eng d
035 _a(BD-RjUL)74783
040 _aBD-RjUL
_bben
_cBD-RjUL
041 _aben
082 _223
_a954.14
_bGUS 1956
100 _aগুপ্ত, সমুদ্র
_9224279
245 _aশহর কলকাতার আদিপর্ব /
_cসমুদ্র গুপ্ত
260 _aকলিকাতা :
_bনতুন সাহিত্য ভবন,
_c১৯৫৬
300 _a২১৪ পৃ. :
_bচিত্রসমূহ ;
_c২৪ সেমি.
650 _aKolkata (India)
_xSocial conditions.
_9224280
650 _aকলকাতা (ভারত)
_xসামাজিক অবস্থা।
_9224281
651 _aIndia
_zKolkata
_9224282
651 _aভারত
_zকলকাতা
_9224283
942 _2ddc
_cBK
999 _c74565
_d74565